000 00335nam a22001337a 4500
008 190304b xxu||||| |||| 00| 0 eng d
020 _a0029250900
041 _aeng
080 _a330
100 _a52
101 _aEKO
245 _aCompetitive Advantage. Creating and Sustaining Superior Performance
_cPorter, M.E
942 _2udc
_cBK
999 _c54433
_d54433